000 01705cam a22004214i 4500
003 PE-LiUPU
005 20250731173137.0
008 150623s1993 mdu rb 000 0 eng d
035 _a(Sirsi) a27078
040 _aPE-LiUPU
_bspa
_cPE-LiUPU
_erda
082 0 4 _a286.732
_bP87
_221
100 1 _aProvonsha, Jack W.,
_eautor.
245 1 0 _aA remnant in crisis /
_cJack W. Provonsha.
264 1 _aHagerstown, MD :
_bReview and Herald Publishing Association,
_c1993.
300 _a173 páginas ;
_c22 centímetros
336 _atext
_2rdacontent
337 _aunmediated
_2rdamedia
338 _avolume
_2rdacarrier
504 _aIncluye bibliografía.
505 0 _aThe times they are a-changin' -- The roots of the crisis -- The true believers -- A prophetic movement -- A voice in the wilderness -- God is creator -- That they may be one -- A new creature -- A new heart -- The fullness of time -- The fall of babylon -- Come, let us build a tower -- The right people, the right places, and the right time.
526 _aSEG42
526 _aSEG41
526 _aSEG40
526 _aSEG39
526 _aP94
526 _aP87
526 _aP86
526 _aP85
526 _aP77
526 _aP76
526 _aP35
650 0 4 _aIASD
_zEstados Unidos.
942 _2ddc
_cBOOK
949 _a286.732 P87
_wDEWEY
_c1
_i52356
_lCCODEBUL1
_mBUL
_p6.00
_r0
_sY
_tBOOK
_u2015-06-24
_xTEOLOGIA
_PP35
_0COMPRA
_o.STAFF. Colección Teología
596 _a1
999 _a286.732 P87
_wDEWEY
_c34179
_i52356
_d34179
_f2021-11-11
_g6
_lCCODEBUL1
_mBUL
_p6.00
_q1
_r0
_sY
_tBOOK
_u2015-6-24
_xTEOLOGIA
_PP35
_0COMPRA
_o.STAFF. Colección Teología
980 _81
_gALBERTO SANCHEZ Responsable de Automatización